<?xml version="1.0" encoding="UTF-8"?>
<record
    xmlns:xsi="http://www.w3.org/2001/XMLSchema-instance"
    xsi:schemaLocation="http://www.loc.gov/MARC21/slim http://www.loc.gov/standards/marcxml/schema/MARC21slim.xsd"
    xmlns="http://www.loc.gov/MARC21/slim">

  <leader>00589nam a22002177a 4500</leader>
  <controlfield tag="005">20231102151618.0</controlfield>
  <controlfield tag="008">131111t        xxu||||| |||| 00| 0 eng d</controlfield>
  <datafield tag="040" ind1=" " ind2=" ">
    <subfield code="e">RDA</subfield>
  </datafield>
  <datafield tag="050" ind1=" " ind2=" ">
    <subfield code="a">HF5686.C7 M67 2006</subfield>
  </datafield>
  <datafield tag="100" ind1="1" ind2="0">
    <subfield code="a">MORENO Fern&#xE1;ndez, Joaqu&#xED;n</subfield>
  </datafield>
  <datafield tag="245" ind1="1" ind2="0">
    <subfield code="a">Contabilidad de sociedades</subfield>
    <subfield code="c">/ Joaqu&#xF3;n Moreno Fern&#xE1;ndez</subfield>
  </datafield>
  <datafield tag="250" ind1=" " ind2=" ">
    <subfield code="a">2a ed</subfield>
  </datafield>
  <datafield tag="260" ind1=" " ind2=" ">
    <subfield code="a">M&#xE9;xico</subfield>
    <subfield code="b">: PATRIA, IMCP, IMEF,ANFECA</subfield>
    <subfield code="c">, 2006</subfield>
  </datafield>
  <datafield tag="300" ind1=" " ind2=" ">
    <subfield code="a">336 p&#xE1;ginas</subfield>
  </datafield>
  <datafield tag="337" ind1=" " ind2=" ">
    <subfield code="a">texto</subfield>
  </datafield>
  <datafield tag="338" ind1=" " ind2=" ">
    <subfield code="a">sin medio</subfield>
  </datafield>
  <datafield tag="339" ind1=" " ind2=" ">
    <subfield code="a">volumen</subfield>
  </datafield>
  <datafield tag="650" ind1="1" ind2="0">
    <subfield code="2">CONTABILIDAD DE SOCIEDADES</subfield>
  </datafield>
  <datafield tag="650" ind1="2" ind2="0">
    <subfield code="2">CONTABILIDAD</subfield>
  </datafield>
  <datafield tag="942" ind1=" " ind2=" ">
    <subfield code="2">lcc</subfield>
    <subfield code="c">LB</subfield>
  </datafield>
  <datafield tag="952" ind1=" " ind2=" ">
    <subfield code="0">0</subfield>
    <subfield code="1">0</subfield>
    <subfield code="2">lcc</subfield>
    <subfield code="4">0</subfield>
    <subfield code="7">0</subfield>
    <subfield code="a">14</subfield>
    <subfield code="b">14</subfield>
    <subfield code="d">2012-06-04</subfield>
    <subfield code="l">8</subfield>
    <subfield code="o">HF5686.C7 M678 2006</subfield>
    <subfield code="p">14 004741</subfield>
    <subfield code="r">2017-01-05</subfield>
    <subfield code="s">2017-01-05</subfield>
    <subfield code="t">1</subfield>
    <subfield code="w">2013-11-11</subfield>
    <subfield code="y">LB</subfield>
  </datafield>
  <datafield tag="952" ind1=" " ind2=" ">
    <subfield code="0">0</subfield>
    <subfield code="1">0</subfield>
    <subfield code="2">lcc</subfield>
    <subfield code="4">0</subfield>
    <subfield code="7">0</subfield>
    <subfield code="a">14</subfield>
    <subfield code="b">14</subfield>
    <subfield code="d">0000-00-00</subfield>
    <subfield code="l">15</subfield>
    <subfield code="m">1</subfield>
    <subfield code="o">HF5686.C7 M678 2006</subfield>
    <subfield code="p">14 004742</subfield>
    <subfield code="r">2019-12-03</subfield>
    <subfield code="s">2019-12-03</subfield>
    <subfield code="t">2</subfield>
    <subfield code="w">2013-11-11</subfield>
    <subfield code="y">LB</subfield>
  </datafield>
  <datafield tag="999" ind1=" " ind2=" ">
    <subfield code="c">91233</subfield>
    <subfield code="d">91233</subfield>
  </datafield>
</record>
